1628 1095 1569 1794 1965 1116 1819 1692 1656 1254 1498 1197 1601 1057 1223 1562 1530 1049 1984 1196 1560 1318 1573 1623 1436 1077 1096 1262 1651 1317 1818 1725 1537 1447 1618 1468 1957 1557 1797 1758 1057 1167 1109 1851 1749 1634 1046 1915 1133 1103 1006 1929 1358 1492 1666 1388 1084 1877 1985 1954 1894 1299 1947 1523 1576 1831 1198 1545 1245 1711 1287 1634 1654 1566 1236 1371 1107 1070 1885 1133 1220 1042 1723 1976 1626 1879 1786 1285 1022 1077 1370 1389 1118 1531 1054 1463 1629 1694 1093 BCNSPRNW ULIB Ver.6.0+V

เปลี่ยนเป็นภาษาไทย

Change to English
 แสดงรายละเอียดบรรณานุกรม
  กลับหน้าหลัก

Brief Record : Get Marc (ISO 2709) : E-mail record : QR code < ปิดหน้าต่าง
LEADER : 00000nam 2200000uu 4500
001    13399111606
003     ULIB
008    110627s2551||||th 000 0 tha d
060  4 WM100^bภ636ภ 2551
100 0  ภุมรินทร์ อินชัวนีและคณะ
245 00 ภาวะสุขภาพจิตของนักศึกษาพยาบาลศาสตร์ ชั้นปีที่ 1 วิทยาลัยพยาบาลบรมราชชนนี พุทธชินราช Mental Henlth of First year Nursing Students, Boromarajonani College of Nursing, Buddhachinaraj/^ภุมรินทร์ อินชัวนีและคณะ
250    พิมพ์ครั้งที่ 1
260    พิษณุโลก :^bวิทยาลัยพยาบาลบรมราชชนนี พุทธชินราช,^c2551
300    52 หน้า
650  7 สุขภาพจิต
650  7 นักศึกษาพยาบาล
650  7 วิทยาลัยพยาบาลบรมราชชนนี พุทธชินราช
945    ^p0^l0^i023513
995    ทศพร
999 ^a ใช้งานได้ทุกระบบ
รายการนี้ยังไม่มีแท็ก
คุณยังไม่ได้ล็อกอิน คุณสามารถมีกิจกรรมร่วมกับเว็บไซต์ได้ แต่ต้องล็อกอินก่อน ::
  ล็อกอิน

รายการสื่อสารสนเทศ

ลำดับที่ ประเภท เลขเรียก/บาร์โค้ด สถานที่ สถานะ
- ไม่พบข้อมูล -

รายการใกล้เคียง
    หัวเรื่อง [สุขภาพจิต]
    หัวเรื่อง [นักศึกษาพยาบาล]
    หัวเรื่อง [วิทยาลัยพยาบาลบรมราชชนนี พุทธชินราช]

BibComment


ยังไม่เคยถูกคอมเมนท์

คอมเมนท์ทรัพยากรรายการนี้
  คอมเมนท์: ภาวะสุขภาพจิตของน..


 Copyright 2026. Bcnsprnw @Library